| 000 | 00348cam a2200145ua 4500 | ||
|---|---|---|---|
| 041 |
_aeng _h |
||
| 082 |
_a824 _bHUX/MU |
||
| 100 | _aHuxley, Aldous. | ||
| 245 | 0 | 0 |
_aMusic at night / _cAldous Huxley. _hTextual Documents |
| 260 |
_aLondon : _bChatto and Windus , _c1960. |
||
| 300 | _a335 ; . | ||
| 504 | _a | ||
| 942 | _cBK | ||
| 999 |
_c11852 _d11852 |
||